000
00259 a2200121 4500
245
_a
Beyond the crises
_h
Text
020
_a
9780797467613
100
_a
Tendai Murisa
100
_a
Tendai Chikwete
650
_a
Development
005
20191017173651.0
260
_c
2015
084
_a
NONE
999
_c
10569
_d
10569